000 00577nam a2200193 i 4500
001 181294
003 ES-MaACL
005 20260507121456.0
008 121207s2011 sp | |||||||| | spa d
020 _a978-84-204-0849-1
080 _a821.134.2-92"19"
100 _aMarías, Javier,
_d1951-2022
_9239206
245 1 0 _aNi se les ocurra disparar /
_cJavier Marías.
260 _a[Madrid] :
_bAlfaguara,
_cD.L. 2011.
300 _a348 p. ;
_c23 cm.
852 _aES-MaACL
_jA-12342
_9188178
_bR.148338
_cDEPO1
_dOlim: N-5347
942 _2udc
_cMONOGRAFIA
999 _c181294
_d181294